000 00459nam a2200205Ia 4500
003 0100
008 130303s9999 xx 000 0 und d
040 _cARRUPELIB
050 _aBJ1012.F7 1973
100 _aFrankena, William K
245 _aEthics
260 _aEnglewood Cliffs
260 _bPrentice -Hall
260 _C1973
300 _a125p.
300 _b 24 cm.
440 _aFoundations of philosophy
650 _aETHICS
942 0 0 _040
999 _c30927
_d30927